000 00733nam a2200217Ia 4500
001 16854
003 GE_BSU
008 181216s||||||||xx |||||||||||||| ||und||
040 _cGE_BSU
080 _a821.353.1-32 + 821.353.1-4
100 _aგოგიავა, კ.
245 _aაფრებიანი ხომალდები
245 _bმოთხრობები და ნარკვევები
260 _aთბილისი
260 _bსაბლიტგამი
260 _c1939
300 _a104გვ. ; 15სმ.
653 _aაფრებიანი ხომალდები
653 _aმოთხრობები და ნარკვევები
942 _cBK
999 _c49918
_d49918